NBA Scoring Champions - Sudden Death - Statistics

General Stats
  • This quiz has been taken 2,788 times
  • The average score is 6 of 14
Answers on the Grid
Answers color-coded by a green-red scale on the quiz's grid according to % correct below.
Wilt Chamberlain
Kevin Garnett
Jerry West
James Harden
Kareem Abdul-Jabbar
Giannis Antetokounmpo
Chris Paul
Carmelo Anthony
Paul Pierce
LeBron James
Bill Russell
Derrick Rose
Vince Carter
Tracy McGrady
Michael Jordan
Dirk Nowitzki
Stephen Curry
Karl Malone
Bob McAdoo
Russell Westbrook
Chris Mullin
Shaquille O'Neal
Larry Bird
John Havlicek
George Gervin
Reggie Miller
Charles Barkley
Kevin Durant
 
Answer Stats
Answer % Correct
Wilt Chamberlain
90%
James Harden
67%
Kareem Abdul-Jabbar
51%
LeBron James
47%
Michael Jordan
47%
Stephen Curry
44%
Kevin Durant
40%
Carmelo Anthony
38%
Shaquille O'Neal
29%
Tracy McGrady
27%
Russell Westbrook
23%
Jerry West
22%
George Gervin
19%
Bob McAdoo
10%
No matching quizzes found
Score Distribution
Percent of People with Each Score
Percentile by Number Answered
Your Score History
You have not taken this quiz